000 00780nam a22002177a 4500
999 _c17454
_d17454
003 AR-CdUCM
008 190508b ||||| |||| 00| 0 spa d
040 _aMUNICIPALIDAD PROVINCIAL DEL CUSCO
_cBIBLIOTECA MUNICIPAL DEL CUSCO
082 _a370.81 /
_bH41
100 _aHerbart, Johann Friedrich
_937480
245 _aAntología de Herbart /
260 _aBuenos Aires :
_bLosada,
_c1946.
300 _a109 páginas ;
_c19 cm.
440 _aTextos pedagógicos ;
_930516
505 _aContenido: Ciencia y arte, teoría y practica -- Fundamentación científica de la pedagogía -- De la educación -- La instrucción...
650 _aEducación
_9460
650 _aFilosofía
_9395
700 _aLuzuriaga, Lorenzo
_96575
942 _2ddc
_cLIBROS
945 _aacv
_d2019-05-08